Les eaux préférées des Français - Statistiques

Statistiques générales
  • Ce quiz a été pris 610 fois
  • Le résultat moyen est 5 sur 8
Statistiques - réponses
Valeur Marque % Correct
16,3% Cristaline
95%
13,9% Evian
94%
11,8% Volvic
76%
9,9% Vittel
70%
8,9% Hépar
58%
8,9% Contrex
55%
1,8% Saint-Amand
5%
2,2% Coumayer
0%
Aucun quiz correspondant
Distribution des résultats
% des personnes avec chaque résultat
Percentile par nombre de réponses
Votre historique - résultats
Vous n’avez pas pris ce quiz